Online Crime Management (Record no. 13856)

MARC details
000 -LEADER
fixed length control field 00327nam a2200145Ia 4500
008 - FIXED-LENGTH DATA ELEMENTS--GENERAL INFORMATION
fixed length control field 221030s9999 xx 000 0 und d
041 ## - LANGUAGE CODE
Language code of text/sound track or separate title
082 ## - DEWEY DECIMAL CLASSIFICATION NUMBER
Classification number 105.6
100 ## - MAIN ENTRY--AUTHOR NAME
Personal name Anupama Goyal/190
245 #0 - TITLE STATEMENT
Title Online Crime Management
250 ## - EDITION STATEMENT
Edition statement 2009
260 ## - PUBLICATION, DISTRIBUTION, ETC. (IMPRINT)
Place of publication Infoworld Noida
Year of publication 2009
650 ## - SUBJECT ADDED ENTRY--TOPICAL TERM
Topical Term MCA
942 ## - ADDED ENTRY ELEMENTS (KOHA)
Koha item type Thesis
Holdings
Accession Number Full call number Price effective from Koha item type Withdrawn / writtenoff status Materials specified (bound volume or other part) Damaged status Not for loan Permanent Location Current Location Shelving location Date acquired Lost/ Missing status department
MCA-155 105.6 10/30/2022 Thesis   Print     MIET Library, Jammu MIET Library, Jammu BL-Academic Block- B, FL-2, CUP-175, SH-1, R-1 11/19/2012   MCA